Stark warning on transport (Record no. 72985)

MARC details
000 -LEADER
fixed length control field 01253cam a2200205 4500
001 - CONTROL NUMBER
control field WB3925-19
008 - FIXED-LENGTH DATA ELEMENTS--GENERAL INFORMATION
fixed length control field 030702n2003 000 0 eng u
035 ## - SYSTEM CONTROL NUMBER
System control number (Sirsi) u122893
245 ## - TITLE STATEMENT
Title Stark warning on transport
260 ## - PUBLICATION, DISTRIBUTION, ETC.
Date of publication, distribution, etc. 2003
490 ## - SERIES STATEMENT
Series statement CBI News Release
Volume/sequential designation 1 July 2003 (4)
520 ## - SUMMARY, ETC.
Summary, etc. The CBI's third annual review of the government's 10-year transport plan warns that the plan is failing to deliver key pledges or provide a solution to congestion. The report calls on government to achieve short-term transport improvements, address inconsistent progress with local transport plans, speed up planning for major projects, sustain the level of funding pledged and reduce growth in traffic congestion. "Credibility on the line: 10-year plan progress report" available at www.cbi.org.uk/ndbs/press.nsf/0363c1f07c6ca12a8025671c00381cc7/a4ce0e7f7db1d48e80256d4e003ab41b/$FILE/Transport+10+year+plan+brief+July+2003+pdf.pdf. www.cbi.org.uk/ndbs/press.nsf/0363c1f07c6ca12a8025671c00381cc7/a4ce0e7f7db1d48e80256d4e003ab41b?OpenDocument
590 ## - LOCAL NOTE (RLIN)
Local note WB
650 ## - SUBJECT ADDED ENTRY--TOPICAL TERM
Topical term or geographic name entry element TRANSPORT POLICY
650 ## - SUBJECT ADDED ENTRY--TOPICAL TERM
Topical term or geographic name entry element GOVERNMENT POLICY
650 ## - SUBJECT ADDED ENTRY--TOPICAL TERM
Topical term or geographic name entry element TRANSPORT PLANNING
650 ## - SUBJECT ADDED ENTRY--TOPICAL TERM
Topical term or geographic name entry element PUBLIC TRANSPORT
690 ## - LOCAL SUBJECT ADDED ENTRY--TOPICAL TERM (OCLC, RLIN)
Topical term or geographic name as entry element TRANSPORT AND COMMUNICATIONS
942 ## - ADDED ENTRY ELEMENTS (KOHA)
Suppress in OPAC 0
Holdings
Withdrawn status Lost status Source of classification or shelving scheme Damaged status Not for loan Home library Current library Shelving location Date acquired Total Checkouts Full call number Barcode Date last seen Copy number Price effective from Koha item type
    Dewey Decimal Classification     London London News article 02/07/2003   WB3925-19 122893-1001 06/08/2019 1 06/08/2019 News article